| 000 | 00497nam a2200169Ia 4500 | ||
|---|---|---|---|
| 001 | 23731 | ||
| 003 | GE_BSU | ||
| 008 | 181216s||||||||xx |||||||||||||| ||und|| | ||
| 040 | _cGE_BSU | ||
| 245 | _aПедагогика №2. 2018. | ||
| 245 | _bНаучн-технич. журнал РА образования | ||
| 245 | _cГл. ред. Р.С.Бозиев | ||
| 653 | _aПедагогика №2. 2018. | ||
| 653 | _aПериодика | ||
| 653 | _aპერიოდიკა | ||
| 942 | _cCR | ||
| 999 |
_c56614 _d56614 |
||